Árbol de la memoria (Record no. 184696)

MARC details
000 -LEADER
campo de control de longitud fija 00917nam a2200265 i 4500
001 - NÚMERO DE CONTROL
campo de control 184696
003 - IDENTIFICADOR DE NÚMERO DE CONTROL
campo de control ES-MaACL
005 - FECHA Y HORA DE LA ÚLTIMA TRANSACCIÓN
campo de control 20240416110310.0
008 - DATOS DE LONGITUD FIJA--INFORMACIÓN GENERAL
campo de control de longitud fija 151113s2015 sp acf |||| |dspa d
020 ## - NÚMERO INTERNACIONAL ESTÁNDAR DEL LIBRO
Número Internacional Estándar del Libro 978-84-943156-8-8
080 ## - NÚMERO DE LA CLASIFICACIÓN DECIMAL UNIVERSAL
Número de la Clasificación Decimal Universal 821.134.2-14"19"
100 0# - ENTRADA PRINCIPAL--NOMBRE DE PERSONA
Nombre de persona Cavero, Soledad,
Fechas asociadas al nombre 1936-
9 (RLIN) 37182
245 10 - MENCIÓN DEL TÍTULO
Título Árbol de la memoria
Resto del título : muestra antológica, 1980-2014 /
Mención de responsabilidad, etc. Soledad Cavero.
250 ## - MENCION DE EDICION
Mención de edición 1ª ed.
260 ## - PUBLICACIÓN, DISTRIBUCIÓN, ETC.
Lugar de publicación, distribución, etc. Madrid :
Nombre del editor, distribuidor, etc. Huerga y Fierro,
Fecha de publicación, distribución, etc. 2015.
300 ## - DESCRIPCIÓN FÍSICA
Extensión 360 p. :
Otras características físicas il., fot. ;
Dimensiones 22 cm.
490 1# - MENCIÓN DE SERIE
Mención de serie Poesía / Huerga y Fierro
504 ## - NOTA DE BIBLIOGRAFÍA, ETC.
Nota de bibliografía, etc. Bibliografía: p. 359-360.
830 00 - PUNTO DE ACCESO ADICIONAL DE SERIE-TÍTULO UNIFORME
Título uniforme Poesía (Huerga y Fierro Editores)
9 (RLIN) 235818
852 ## - LOCALIZACIÓN
Ubicación ES-MaACL
Número de control de estantería A13614
itemnumber 191706
Sublocalización o colección R.150839
Ubicación en estantería Depósito 1
Signatura antigua Olim: N-6614
Donativo/Legado Donación: Soledad Cavero
903 ## - NOMBRE PERSONAL DE DONANTE
9 37182
a Cavero, Soledad,
d 1936-
e Donante
942 ## - ELEMENTOS DE ENTRADA SECUNDARIOS (KOHA)
Fuente del sistema de clasificación o colocación Clasificación decimal universal
Tipo de ítem Koha Libro impreso
Holdings
Estatus retirado Estado de pérdida Fuente del sistema de clasificación o colocación Estado de daño No para préstamo Biblioteca de origen Biblioteca actual Ubicación en estantería Fecha de adquisición Fuente de adquisición Total de préstamos Signatura topográfica completa Código de barras Visto por última vez Precio de reemplazo Tipo de ítem Koha
    Clasificación decimal universal     Biblioteca del Ateneo de Madrid Biblioteca del Ateneo de Madrid Depósito 1 13/11/2015 Donación   A-13614 1194465 23/02/2023 23/02/2023 Libro impreso